000
00312nam a22001217a 4500
008
180802b xxu||||| |||| 00| 0 eng d
082
_a
813.52
245
_a
The Great Minds of the Western Intellectual Tradition
_c
Sugrue,S
260
_c
1992
300
_a
6
_f
Cassette
440
_x
18008322421
942
_2
ddc
_c
MX
999
_c
46724
_d
46724